| 000 | 01093 a2200217 4500 | ||
|---|---|---|---|
| 010 | _a 2005921992 | ||
| 020 | _a0823022773 | ||
| 035 | _a(OCoLC)ocm61286041 | ||
| 082 | 0 | 4 | _a720.91821 |
| 090 |
_c480 _d480 |
||
| 100 | 1 | _aWatkin, David, | |
| 245 | 1 | 2 |
_aA history of Western architecture / _cDavid Watkin. |
| 250 | _a4th ed. | ||
| 260 |
_aNew York : _bWatson-Guptill Publications, _c2005. |
||
| 300 |
_a720 p. : _bill. (some col.), plans ; _c24 cm. |
||
| 505 | 0 | _aMesopotamia and Egypt -- The classical foundation: Greek, Hellenistic, Roman -- Early Christian and Byzantine -- Carolingian and Romanesque -- The Gothic experiment -- Renaissance harmony -- Baroque expansion -- Eighteenth-century classicism -- The Nineteenth century -- Art Nouveau -- The Twentieth century and beyond. | |
| 650 | 0 |
_aArchitecture, Western _xHistory. |
|
| 856 | 4 | 2 |
_3Contributor biographical information _uhttp://www.loc.gov/catdir/enhancements/fy0908/2005921992-b.html |
| 856 | 4 | 2 |
_3Publisher description _uhttp://www.loc.gov/catdir/enhancements/fy0908/2005921992-d.html |
| 942 |
_aSADA _cBK _k720.91821 WAT 2005 |
||
| 999 |
_c352596 _d352596 |
||